000 00348nam a2200145Ia 4500
008 230917s9999||||xx |||||||||||||| ||und||
040 _e136556
_aMAIN
041 _aEnglish
082 _a658.3 S79E
100 _aSirota, David
245 0 _aEnthusiastic employee
260 _aDelhi
_bPearson education
_c2005
300 _a363p p.
942 _cBK
999 _c137239
_d137239